00566nam a2200193Ia 4500001001000000003000500010008004100015010001100056040000900067082001700076110005300093245006500146260003800211300001600249440002000265650002800285650003800313650002100351Para_1552CHAP220125s1992 xx 000 0 und d a200134 cCHAP aPA 633.15 M4 aMéxico. Dirección General de Sanidad Vegetal aGuía fitosanitaria para el cultivo del maíz /c por DGSV aMéxico, D.F. :b La Dirección ac.a. 130 h. aSanidad Vegetal aMaíz x enfermedades  aMaíz x malas hierbasxcontrol  aMaíz x plagas